Fisherman's workbook
Kaydedildi:
| Materyal Türü: | Kitap |
|---|---|
| Dil: | Undetermined |
| Baskı/Yayın Bilgisi: |
Oxford, Eng.
Fishing News Books
1990
|
| Konular: | |
| Etiketler: |
Etiketle
Etiket eklenmemiş, İlk siz ekleyin!
|
| Thư viện lưu trữ: | Trung tâm Học liệu Trường Đại học Cần Thơ |
|---|
| LEADER | 00404nam a2200157Ia 4500 | ||
|---|---|---|---|
| 001 | CTU_58242 | ||
| 008 | 210402s9999 xx 000 0 und d | ||
| 082 | |a 639.2 | ||
| 082 | |b F533 | ||
| 245 | 0 | |a Fisherman's workbook | |
| 260 | |a Oxford, Eng. | ||
| 260 | |b Fishing News Books | ||
| 260 | |c 1990 | ||
| 650 | |a fishing equipment | ||
| 904 | |i Minh | ||
| 980 | |a Trung tâm Học liệu Trường Đại học Cần Thơ | ||